000 00841cam a2200265 i 4500
008
020 _a0192654047 (pbk.)
049 _aMAIN
090 _aRE48
_bBIS
100 1 _aBisley, Geoffrey G.
245 1 2 _aA handbook of ophthalmology for developing countries /
_cGeoffrey G. Bisley.
260 _aLondon :
_bOxford University Press,
_c1973.
300 _a142 p. :
_bill. ;
_c22 cm.
504 _aIncluding bibliographical references.
500 _aIncludes index.
650 0 _aEye
_xDiseases
_vHandbooks, manuals
650 0 _aMedical care
_zDeveloping countries
_vHandbooks, manuals,
650 2 _aDeveloping Countries.
650 2 _aEye Diseases.
907 _a.b10348281
_b20-10-14
_c20-10-14
003
005 20230120204140.0
040 _cNUST
942 _cBOOKS
_kRE48
_mBIS
999 _c118008
_d118008